Sütő András levele lapunkhoz

Elmentve itt :
Bibliográfiai részletek
Szerző: Sütő András
Dokumentumtípus: Cikk
Megjelent: Belvedere Meridionale Szeged 1990
Sorozat:Belvedere Meridionale 2 No. 4
Kulcsszavak:Levél - magyar
Tárgyszavak:
Online Access:http://acta.bibl.u-szeged.hu/7829
LEADER 00668nab a2200193 i 4500
001 acta7829
005 20250829115045.0
008 161015s1990 hu o 000 hun d
040 |a SZTE Egyetemi Kiadványok Repozitórium  |b hun 
041 |a hun 
100 1 |a Sütő András 
245 1 0 |a Sütő András levele lapunkhoz  |h [elektronikus dokumentum] /  |c  Sütő András 
260 |a Belvedere Meridionale  |b Szeged  |c 1990 
300 |a 4-5 
490 0 |a Belvedere Meridionale  |v 2 No. 4 
650 4 |a Bölcsészettudományok 
650 4 |a Nyelvek és irodalom 
695 |a Levél - magyar 
856 4 0 |u http://acta.bibl.u-szeged.hu/7829/1/belvedere_1990_004_004-005.pdf  |z Dokumentum-elérés